Historia de la Commune de París / (Record no. 92836)

MARC details
000 -LEADER
campo de control de longitud fija 00702nam a2200217 i 4500
001 - NÚMERO DE CONTROL
campo de control 92836
003 - IDENTIFICADOR DE NÚMERO DE CONTROL
campo de control ES-MaACL
005 - FECHA Y HORA DE LA ÚLTIMA TRANSACCIÓN
campo de control 20230906181053.0
007 - CAMPO FIJO DE DESCRIPCIÓN FÍSICA--INFORMACIÓN GENERAL
campo de control de longitud fija t|
008 - DATOS DE LONGITUD FIJA--INFORMACIÓN GENERAL
campo de control de longitud fija 050329s1931 sp ||||1| spa d
100 1# - ENTRADA PRINCIPAL--NOMBRE DE PERSONA
Nombre de persona Lissagaray, Hippolyte-Prosper-Olivier.
9 (RLIN) 72545
245 10 - MENCIÓN DEL TÍTULO
Título Historia de la Commune de París /
Mención de responsabilidad, etc. Hippolyte-Prosper-Olivier Lissagaray; [traducción del francés por R. Marín].
260 ## - PUBLICACIÓN, DISTRIBUCIÓN, ETC.
Lugar de publicación, distribución, etc. Madrid :
Nombre del editor, distribuidor, etc. Cenit,
Fecha de publicación, distribución, etc. 1931.
300 ## - DESCRIPCIÓN FÍSICA
Extensión 551 p. ;
Dimensiones 22 cm.
490 1# - MENCIÓN DE SERIE
Mención de serie Biblioteca Carlos Marx
651 #4 - PUNTO DE ACCESO ADICIONAL DE MATERIA--NOMBRE GEOGRÁFICO
Nombre geográfico París-
Subdivisión general Historia-
Subdivisión cronológica 1871, Comuna.
9 (RLIN) 9212
700 1# - ENTRADA AGREGADA--NOMBRE PERSONAL
Nombre de persona Marín, R.
9 (RLIN) 76754
830 0# - PUNTO DE ACCESO ADICIONAL DE SERIE-TÍTULO UNIFORME
Título uniforme Biblioteca Carlos Marx
9 (RLIN) 184274
852 ## - LOCALIZACIÓN
Ubicación ES-MaACL
Número de control de estantería C-7061
Holdings
Estatus retirado Estado de pérdida Estado de daño No para préstamo Biblioteca de origen Biblioteca actual Ubicación en estantería Fecha de adquisición Fuente de adquisición Total de préstamos Signatura topográfica completa Código de barras Visto por última vez Precio de reemplazo Tipo de ítem Koha
        Biblioteca del Ateneo de Madrid Biblioteca del Ateneo de Madrid Sala Palomar 17/01/2008     C-7061 1096915 23/02/2023 23/02/2023 Libro impreso